[Event "New Zealand Open"]
[Site "Devonport, Auckland NZL"]
[Date "2016.01.10"]
[EventDate "2016.01.02"]
[Round "9.24"]
[Result "1-0"]
[White "L Ross Jackson"]
[Black "William F Forster"]
[WhiteElo "1884"]
[BlackElo "1975"]
[PlyCount "97"]

1. d4 Nf6 2. Nf3 c5 3. e3 g6 4. Be2 Bg7 5. O-O O-O 6. c3 b6
7. Ne5 a6 8. Nd2 d6 9. Nd3 Nc6 10. Bf3 Qc7 11. d5 Na7 12. e4
Bb7 13. Rb1 Nd7 14. c4 b5 15. b3 b4 16. Bg4 Rad8 17. f4 Rfe8
18. Bb2 e5 19. Bxd7 Rxd7 20. fxe5 dxe5 21. Nf3 f6 22. Nh4 Nc8
23. Qe2 Nd6 24. Qe3 Rc8 25. a3 a5 26. Rbe1 a4 27. axb4 axb3
28. Nxc5 Nxc4 29. Qxb3 Nd2 30. Qa4 Nxf1 31. Qxd7 Qxd7 32. Nxd7
Rc2 33. Bxe5 fxe5 34. Rxf1 Ba6 35. Re1 Rc4 36. Nf3 Rxb4
37. Ndxe5 Bf8 38. Nd7 Bd3 39. e5 Rb5 40. e6 Be7 41. d6 Bxd6
42. e7 Bxe7 43. Rxe7 Rb1+ 44. Kf2 Rb2+ 45. Kg3 Bf1 46. Nfe5
Rxg2+ 47. Kf3 Rxh2 48. Nf6+ Kf8 49. Rf7# 1-0

[Event "New Zealand Open"]
[Site "Devonport, Auckland NZL"]
[Date "2016.01.10"]
[EventDate "2016.01.02"]
[Round "9.25"]
[Result "1/2-1/2"]
[White "Philip I Hair"]
[Black "Stanley Yee"]
[WhiteElo "1932"]
[BlackElo "1975"]
[PlyCount "96"]

1. e4 c5 2. Nc3 Nc6 3. g3 g6 4. Bg2 Bg7 5. d3 d6 6. Be3 Nf6
7. h3 O-O 8. Qd2 Re8 9. Nge2 Rb8 10. O-O b5 11. f4 e6 12. e5
Nd5 13. Nxd5 exd5 14. Bxd5 Nb4 15. Bg2 Qe7 16. c3 Na6 17. d4
b4 18. Rae1 Bb7 19. Nc1 bxc3 20. bxc3 Bxg2 21. Qxg2 cxd4
22. cxd4 dxe5 23. dxe5 Rec8 24. Qf2 Nc5 25. Bd4 a5 26. g4 Ne6
27. Ba1 g5 28. Nd3 gxf4 29. Nxf4 Nxf4 30. Qxf4 Rc2 31. e6 Qa7+
32. Qe3 Qxe3+ 33. Rxe3 Bxa1 34. exf7+ Kf8 35. Re8+ Rxe8
36. fxe8=Q+ Kxe8 37. Rxa1 a4 38. a3 Rc3 39. Kg2 Ke7 40. Rb1
Rb3 41. Rc1 Kd6 42. h4 Rxa3 43. g5 Rb3 44. Rc4 a3 45. Ra4 Ke6
46. h5 Rb5 47. g6 hxg6 48. hxg6 Kf6 1/2-1/2

[Event "New Zealand Open"]
[Site "Devonport, Auckland NZL"]
[Date "2016.01.10"]
[EventDate "2016.01.02"]
[Round "9.26"]
[Result "1-0"]
[White "Hilton P Bennett"]
[Black "Leighton Nicholls"]
[WhiteElo "1958"]
[BlackElo "1910"]
[PlyCount "77"]

1. e4 e5 2. d4 exd4 3. Qxd4 Nc6 4. Qe3 g6 5. Nc3 Bg7 6. Bd2
Nf6 7. O-O-O d6 8. h4 Be6 9. Nh3 Qd7 10. Nf4 h5 11. f3 O-O
12. g4 hxg4 13. h5 Ne5 14. Nxe6 fxe6 15. f4 Nf3 16. hxg6 d5
17. Qd3 d4 18. Ne2 c5 19. Bg2 c4 20. Qxc4 Nxe4 21. Qd3 Nf2
22. Qb3 Nxd1 23. Kxd1 Nxd2 24. Kxd2 Rf5 25. Qg3 Rd8 26. Be4
Rb5 27. b3 Qe7 28. Qh2 Bf6 29. Ng3 Rd7 30. Bd3 Rc5 31. Ne4
Rcc7 32. Qh5 Kf8 33. Qxg4 e5 34. Kd1 a6 35. Rh7 Bg7 36. f5 Rd6
37. Nxd6 Qxd6 38. Qh5 Re7 39. Rh8+ 1-0

[Event "New Zealand Open"]
[Site "Devonport, Auckland NZL"]
[Date "2016.01.10"]
[EventDate "2016.01.02"]
[Round "9.27"]
[Result "1-0"]
[White "Sean Watharow"]
[Black "Caroline Yan"]
[WhiteElo "1913"]
[BlackElo "1672"]
[PlyCount "61"]

1. e4 e6 2. d4 d5 3. e5 c5 4. c3 Nc6 5. Nf3 Bd7 6. a3 a6 7. b4
cxd4 8. cxd4 Rc8 9. Bb2 b5 10. Bd3 Nge7 11. Nbd2 Ng6 12. g3
Be7 13. h4 Qb6 14. Nb3 Nf8 15. Nc5 a5 16. Qd2 a4 17. Rc1 Rc7
18. O-O Bc8 19. Qe2 Na7 20. Nh2 Nd7 21. f4 Nxc5 22. dxc5 Qc6
23. Nf3 Qd7 24. Nd4 Ba6 25. f5 Rg8 26. fxe6 fxe6 27. Bxh7 Rf8
28. Rxf8+ Bxf8 29. Qh5+ Kd8 30. Rf1 Be7 31. Bg8 1-0

[Event "New Zealand Open"]
[Site "Devonport, Auckland NZL"]
[Date "2016.01.10"]
[EventDate "2016.01.02"]
[Round "9.28"]
[Result "1/2-1/2"]
[White "Christopher Benson"]
[Black "Jasmine Haomo Zhang"]
[WhiteElo "1920"]
[BlackElo "1674"]
[PlyCount "69"]

1. e4 c5 2. Nf3 d6 3. d4 cxd4 4. Nxd4 Nf6 5. Nc3 a6 6. Bg5 e6
7. Bd3 Be7 8. f4 Qc7 9. Nb3 b5 10. a3 Bb7 11. Qd2 Nbd7
12. O-O-O Nc5 13. Nxc5 dxc5 14. Rhe1 O-O-O 15. Bxf6 Bxf6
16. e5 Be7 17. Qf2 Qa5 18. g3 c4 19. Be4 b4 20. Bxb7+ Kxb7
21. Qf3+ Kb8 22. Nb1 bxa3 23. bxa3 c3 24. Qxc3 Qxc3 25. Nxc3
Bxa3+ 26. Kb1 Bb4 27. Kb2 Kc7 28. Rxd8 Rxd8 29. Re2 Bxc3+
30. Kxc3 h5 31. h3 g6 32. g4 hxg4 33. hxg4 Kc6 34. Kc4 Rd5
35. c3 1/2-1/2

[Event "New Zealand Open"]
[Site "Devonport, Auckland NZL"]
[Date "2016.01.10"]
[EventDate "2016.01.02"]
[Round "9.29"]
[Result "1/2-1/2"]
[White "Alan Wolstencroft"]
[Black "P Wayne Power"]
[WhiteElo "1796"]
[BlackElo "1889"]
[PlyCount "49"]

1. e4 c5 2. Nf3 Nc6 3. d4 cxd4 4. Nxd4 Nf6 5. Nc3 d6 6. Be3 g6
7. Qd2 Bg7 8. f3 Bd7 9. Bc4 Rc8 10. Bb3 a6 11. O-O-O Na5
12. g4 Nxb3+ 13. axb3 Qa5 14. Kb1 b5 15. h4 b4 16. Nd5 Nxd5
17. exd5 h5 18. gxh5 Rxh5 19. Bg5 f6 20. Qd3 Kf7 21. Ne6 Bh8
22. Be3 Bb5 23. Qd2 Bd7 24. Qd3 Bb5 25. Qe4 1/2-1/2

[Event "New Zealand Open"]
[Site "Devonport, Auckland NZL"]
[Date "2016.01.10"]
[EventDate "2016.01.02"]
[Round "9.30"]
[Result "1/2-1/2"]
[White "Joy Shu Yan Qin"]
[Black "Richard Taylor"]
[WhiteElo "1685"]
[BlackElo "1888"]
[PlyCount "75"]

1. e4 c5 2. c3 Nf6 3. e5 Nd5 4. d4 cxd4 5. Nf3 d6 6. cxd4 Nc6
7. Bc4 Nb6 8. Bd3 g6 9. O-O Bg7 10. Re1 O-O 11. a3 dxe5
12. dxe5 Bg4 13. Bf4 Nd5 14. Bg3 e6 15. Nbd2 Nf4 16. Be4 Nd3
17. Bxd3 Qxd3 18. Re3 Qd5 19. Qb3 Qxb3 20. Rxb3 Rab8 21. h3
Bxf3 22. Nxf3 Rfd8 23. Rc1 h6 24. h4 Bf8 25. Ne1 Nd4 26. Re3
Nf5 27. Rec3 Rd2 28. b4 a5 29. bxa5 Ra8 30. Rb1 Rxa5 31. Rxb7
Rd1 32. Kf1 Rxa3 33. Rxa3 Bxa3 34. Rb3 Nxg3+ 35. Rxg3 Bb4
36. Re3 Bc5 37. Re4 Rd2 38. Re2 1/2-1/2

[Event "New Zealand Open"]
[Site "Devonport, Auckland NZL"]
[Date "2016.01.10"]
[EventDate "2016.01.02"]
[Round "9.31"]
[Result "1/2-1/2"]
[White "Eva Lourenco"]
[Black "Vyanla M Punsalan"]
[WhiteElo "1306"]
[BlackElo "1356"]
[PlyCount "39"]

1. b4 e5 2. Bb2 d6 3. c4 Nc6 4. a3 Be6 5. e3 Nf6 6. Nf3 Be7
7. b5 Na5 8. Be2 Nxc4 9. Bxc4 Bxc4 10. Nc3 O-O 11. d3 Be6
12. O-O Re8 13. a4 b6 14. e4 Nd7 15. Re1 f5 16. d4 fxe4
17. Nxe4 Bg4 18. Re3 d5 19. Qb3 Kh8 20. Qxd5 1/2-1/2

[Event "New Zealand Open"]
[Site "Devonport, Auckland NZL"]
[Date "2016.01.10"]
[EventDate "2016.01.02"]
[Round "9.32"]
[Result "0-1"]
[White "Louie Wei"]
[Black "Hikaru Oka"]
[WhiteElo "1669"]
[BlackElo "1449"]
[PlyCount "42"]

1. d4 Nf6 2. f4 d5 3. Nf3 c5 4. e3 Nc6 5. c3 Bf5 6. Bd3 Bxd3
7. Qxd3 c4 8. Qe2 e6 9. O-O Bd6 10. Nbd2 O-O 11. e4 Bxf4
12. e5 Nd7 13. g3 Bh6 14. Nh4 Qb6 15. Kh1 g6 16. Rb1 Qc7
17. Ndf3 Bg7 18. Bf4 Rfe8 19. Qf2 h6 20. Qc2 g5 21. Bxg5 hxg5
0-1